[Event "CRO-chT3 Centar-B"]
[Site "Croatia"]
[Date "2017.04.09"]
[Round "2.4"]
[White "Jancikic, Matija"]
[Black "Turk, Karlo"]
[Result "0-1"]
[WhiteElo "1892"]
[BlackElo "2123"]
[PlyCount "42"]
[EventDate "2017.04.02"]
[EventType "team-tourn"]
[EventRounds "9"]
[EventCountry "CRO"]
[SourceTitle "EXT 2019"]
[Source "ChessBase"]
[SourceDate "2018.10.10"]
[SourceVersion "1"]
[SourceVersionDate "2018.10.10"]
[SourceQuality "1"]

1. e4 c5 2. Nf3 g6 3. c3 Bg7 4. d4 cxd4 5. cxd4 d5 6. e5 Nc6 7. h3 Nh6 8. Nc3 0-0 9. Be2 f6 10. exf6 Rxf6 11. Qb3 Kh8 12. 0-0 Nf5 13. Rd1 h6 14. Be3 Be6 15. Rab1 Qd6 16. Nb5 Qb8 17. Nc3 Nxe3 18. fxe3 Qg3 19. Kh1 Raf8 20. Ng1 Rf2 21. Bf1 Rxg2 0-1

[Event "CRO-chT3B Center North"]
[Site "Croatia"]
[Date "2016.10.23"]
[Round "8.3"]
[White "Turk, Karlo"]
[Black "Gruskovnjak, Joze"]
[Result "0-1"]
[WhiteElo "2144"]
[BlackElo "1956"]
[PlyCount "73"]
[EventDate "2016.04.03"]
[EventType "team-tourn"]
[EventRounds "9"]
[EventCountry "CRO"]
[SourceTitle "EXT 2019"]
[Source "ChessBase"]
[SourceDate "2018.10.10"]
[SourceVersion "1"]
[SourceVersionDate "2018.10.10"]
[SourceQuality "1"]

1. d4 d5 2. Nf3 Nf6 3. Bg5 e6 4. e3 Be7 5. Nbd2 0-0 6. Bd3 h6 7. Bh4 b6 8. 0-0 Ba6 9. Qe2 Bxd3 10. Qxd3 Nbd7 11. Rfe1 Re8 12. Rad1 Qc8 13. e4 dxe4 14. Nxe4 Nxe4 15. Rxe4 Nf6 16. Bxf6 Bxf6 17. c3 Rd8 18. Ne5 Bxe5 19. Rxe5 c6 20. Rde1 Rd5 21. Rxd5 cxd5 22. Re5 Rb8 23. f4 b5 24. a3 Rb6 25. Qe2 a5 26. f5 b4 27. axb4 axb4 28. fxe6 fxe6 29. Re3 bxc3 30. bxc3 Qa6 31. Qg4 Rb1+ 32. Kf2 Rb2+ 33. Kg3 Qd6+ 34. Kf3 Qf8+ 35. Qf4 Rf2+ 36. Kxf2 Qxf4+ 37. Rf3 0-1

[Event "CRO-chT3B Center North"]
[Site "Croatia"]
[Date "2016.10.16"]
[Round "7.4"]
[White "Turk, Karlo"]
[Black "Makovec, Bruno"]
[Result "1-0"]
[WhiteElo "2144"]
[BlackElo "2242"]
[PlyCount "81"]
[EventDate "2016.04.03"]
[EventType "team-tourn"]
[EventRounds "9"]
[EventCountry "CRO"]
[SourceTitle "EXT 2019"]
[Source "ChessBase"]
[SourceDate "2018.10.10"]
[SourceVersion "1"]
[SourceVersionDate "2018.10.10"]
[SourceQuality "1"]

1. d4 Nf6 2. Nf3 e6 3. Bg5 b6 4. e4 h6 5. Bxf6 Qxf6 6. Bd3 Bb7 7. 0-0 d6 8. Nbd2 Nd7 9. Qe2 g6 10. a4 a5 11. c3 Bg7 12. Ne1 0-0 13. f4 c5 14. e5 Qe7 15. Nc4 dxe5 16. fxe5 cxd4 17. cxd4 Bd5 18. Nd6 Qh4 19. Nc2 Rad8 20. g3 Qe7 21. Ne3 Ba8 22. Nec4 f6 23. Bxg6 fxe5 24. Bf7+ Kh8 25. dxe5 Nxe5 26. Nxe5 Qxd6 27. Ng6+ Kh7 28. Nxf8+ Rxf8 29. Rf4 Bd4+ 30. Kf1 e5 31. Rf5 Qc6 32. Qg4 Qg2+ 33. Ke1 Qg1+ 34. Rf1 Qe3+ 35. Qe2 Bc3+ 36. bxc3 Qxc3+ 37. Qd2 Qxa1+ 38. Ke2 Qa3 39. Rf6 Rxf7 40. Qxh6+ Kg8 41. Rg6+ 1-0

[Event "CRO-chT2 Center"]
[Site "Croatia"]
[Date "2015.04.12"]
[Round "4.63"]
[White "Ivekovic, Mario"]
[Black "Turk, Karlo"]
[Result "0-1"]
[WhiteElo "2223"]
[BlackElo "2140"]
[PlyCount "106"]
[EventDate "2015.03.22"]
[EventType "team-tourn"]
[EventRounds "11"]
[EventCountry "CRO"]
[SourceTitle "EXT 2016"]
[Source "ChessBase"]
[SourceDate "2015.10.08"]
[SourceVersion "1"]
[SourceVersionDate "2015.10.08"]
[SourceQuality "1"]

1. g3 d5 2. Bg2 Nf6 3. d3 e5 4. Bg5 c6 5. Nc3 h6 6. Bxf6 Qxf6 7. e4 d4 8. Nce2 Bb4+ 9. c3 dxc3 10. bxc3 Ba5 11. Qc2 Na6 12. Nc1 g5 13. Nf3 Be6 14. h3 0-0-0 15. Nd2 h5 16. Ndb3 Bb6 17. a4 g4 18. h4 Bxb3 19. Nxb3 Rxd3 20. Ra2 Rhd8 21. a5 Bc5 22. 0-0 Qd6 23. Kh2 Bb4 24. cxb4 Nxb4 25. Qb1 Nxa2 26. Qxa2 Qe6 27. Rb1 Rd1 28. Rb2 Qd6 29. a6 b6 30. Na5 bxa5 31. Qxf7 Rd7 32. Qe8+ Rd8 33. Qxh5 Qe6 34. Qg5 R8d7 35. Qe3 R1d4 36. Qa3 Rb4 37. Rxb4 axb4 38. Qxb4 Qd6 39. Qb3 Qd3 40. Qg8+ Kc7 41. Qxg4 Qxa6 42. Qe6 Qb5 43. h5 a5 44. h6 Rd6 45. Qe7+ Rd7 46. Qf6 Rd6 47. Qg7+ Rd7 48. Qg8 Qe2 49. Qg5 Qxf2 50. Qxe5+ Kb6 51. Kh3 a4 52. Qc3 Qc5 53. Qf3 Rh7 0-1

[Event "CRO-chT2 Center 23rd"]
[Site "Grubisno Polje"]
[Date "2014.09.07"]
[Round "8.62"]
[White "Turk, Karlo"]
[Black "Ivekovic, Bozidar1111"]
[Result "0-1"]
[WhiteElo "2138"]
[BlackElo "2291"]
[PlyCount "58"]
[EventDate "2014.03.02"]
[EventType "team-match"]
[EventRounds "11"]
[EventCountry "CRO"]
[SourceTitle "EXT 2016"]
[Source "ChessBase"]
[SourceDate "2015.10.08"]
[SourceVersion "1"]
[SourceVersionDate "2015.10.08"]
[SourceQuality "1"]

1. d4 Nf6 2. Nf3 e6 3. c4 Bb4+ 4. Bd2 Be7 5. Nc3 d5 6. g3 0-0 7. Bg2 Nbd7 8. 0-0 dxc4 9. e4 c6 10. a4 c5 11. Qe2 cxd4 12. Nxd4 Ne5 13. Be3 Nfg4 14. Rfd1 Nxe3 15. Nc6 Nxd1 16. Nxd8 Nxc3 17. bxc3 Rxd8 18. f4 Bc5+ 19. Kf1 Nd3 20. e5 Rb8 21. Rb1 b6 22. Be4 Bb7 23. Bxb7 Rxb7 24. Qe4 Rbd7 25. Qxc4 Nf2 26. Re1 Ng4 27. Qe2 Rd2 28. Qxg4 Rf2+ 29. Kg1 Rxf4+ 0-1

[Event "Sarajevo Bosna op-B 44th"]
[Site "Sarajevo"]
[Date "2014.06.01"]
[Round "4"]
[White "Turk, Karlo"]
[Black "Sinanovic, Ermin"]
[Result "1-0"]
[WhiteElo "2154"]
[BlackElo "1887"]
[PlyCount "59"]
[EventDate "2014.05.30"]
[EventType "swiss"]
[EventRounds "9"]
[EventCountry "BIH"]
[SourceTitle "CBM 160 Extra"]
[Source "ChessBase"]
[SourceDate "2014.07.01"]
[SourceVersion "1"]
[SourceVersionDate "2014.07.01"]
[SourceQuality "1"]

1. d4 Nf6 2. c4 g6 3. Nc3 Bg7 4. e4 d6 5. Be2 0-0 6. Nf3 e5 7. d5 Ne8 8. 0-0 f5 9. exf5 gxf5 10. Bg5 Nf6 11. Qd2 Nbd7 12. b4 a5 13. a3 b6 14. Rac1 axb4 15. axb4 f4 16. Bd3 h6 17. Bh4 Ra3 18. Qb2 Ra7 19. Bg6 Qe7 20. Nb5 Rb7 21. Rfe1 Rd8 22. Nfd4 Nb8 23. Qa2 Rf8 24. Qa8 Qd7 25. Ne6 c6 26. Nxf8 Kxf8 27. dxc6 Nxc6 28. Bxf6 Bxf6 29. Be4 Kg7 30. Nxd6 1-0

[Event "Sarajevo Bosna op-B 44th"]
[Site "Sarajevo"]
[Date "2014.05.31"]
[Round "2"]
[White "Turk, Karlo"]
[Black "Zarkovic, Milos"]
[Result "1-0"]
[WhiteElo "2154"]
[BlackElo "1795"]
[PlyCount "49"]
[EventDate "2014.05.30"]
[EventType "swiss"]
[EventRounds "9"]
[EventCountry "BIH"]
[SourceTitle "CBM 160 Extra"]
[Source "ChessBase"]
[SourceDate "2014.07.01"]
[SourceVersion "1"]
[SourceVersionDate "2014.07.01"]
[SourceQuality "1"]

1. d4 Nf6 2. c4 e6 3. Nf3 Bb4+ 4. Bd2 Bxd2+ 5. Nbxd2 d5 6. e3 0-0 7. Bd3 b6 8. Qc2 Bb7 9. 0-0 Nbd7 10. e4 dxe4 11. Nxe4 Nxe4 12. Bxe4 Bxe4 13. Qxe4 Nf6 14. Qe3 Qd6 15. Rad1 Rad8 16. Rd3 c6 17. Ne5 Nd7 18. f4 Nxe5 19. fxe5 Qe7 20. Qe4 Qc7 21. Rh3 h6 22. Rf4 Rfe8 23. Rg4 Kh8 24. Qf4 Kh7 25. Rxg7+ 1-0

[Event "CRO-chT"]
[Site "Bol"]
[Date "2014.05.18"]
[Round "6.9"]
[White "Turk, Karlo"]
[Black "Galic, Ivan"]
[Result "0-1"]
[WhiteElo "2154"]
[BlackElo "2373"]
[PlyCount "48"]
[EventDate "2014.05.14"]
[EventType "team-swiss"]
[EventRounds "6"]
[EventCountry "CRO"]
[SourceTitle "CBM 160 Extra"]
[Source "ChessBase"]
[SourceDate "2014.07.01"]
[SourceVersion "1"]
[SourceVersionDate "2014.07.01"]
[SourceQuality "1"]
[WhiteTeam "Novo Virje Konaki"]
[BlackTeam "Dubrovnik"]
[WhiteTeamCountry "CRO"]
[BlackTeamCountry "CRO"]

1. d4 Nf6 2. c4 e6 3. Nf3 d5 4. Nc3 Be7 5. g3 0-0 6. Bg2 dxc4 7. 0-0 Nbd7 8. e4 a6 9. e5 Nd5 10. Ne4 b5 11. a4 Bb7 12. b3 cxb3 13. Qxb3 N5b6 14. Nfg5 Bd5 15. Qd3 g6 16. h4 Bc4 17. Qd2 Bxf1 18. Kxf1 Nc4 19. Qf4 Ndxe5 20. Nxh7 Kxh7 21. Qh6+ Kg8 22. Bg5 Ng4 23. Bxe7 Nxh6 24. Bxd8 Raxd8 0-1

[Event "CRO-chT"]
[Site "Bol"]
[Date "2014.05.15"]
[Round "3.9"]
[White "Drazic, Sinisa"]
[Black "Turk, Karlo"]
[Result "1/2-1/2"]
[WhiteElo "2438"]
[BlackElo "2154"]
[PlyCount "186"]
[EventDate "2014.05.14"]
[EventType "team-swiss"]
[EventRounds "6"]
[EventCountry "CRO"]
[SourceTitle "CBM 160 Extra"]
[Source "ChessBase"]
[SourceDate "2014.07.01"]
[SourceVersion "1"]
[SourceVersionDate "2014.07.01"]
[SourceQuality "1"]
[WhiteTeam "Sesvete"]
[BlackTeam "Novo Virje Konaki"]
[WhiteTeamCountry "CRO"]
[BlackTeamCountry "CRO"]

1. e4 c5 2. Nf3 d6 3. Bc4 Nf6 4. d3 Nc6 5. 0-0 e6 6. c3 Be7 7. Bb3 0-0 8. Nbd2 b5 9. Re1 d5 10. e5 Nd7 11. Nf1 d4 12. Ng3 Nb6 13. Re4 dxc3 14. bxc3 c4 15. Bc2 cxd3 16. Bxd3 b4 17. c4 f5 18. exf6 Bxf6 19. Rb1 Na4 20. Qc2 Nc3 21. Rb3 Nxe4 22. Bxe4 Nd4 23. Nxd4 Bxd4 24. Be3 Bxe3 25. Rxe3 Rb8 26. Bxh7+ Kh8 27. h3 Qh4 28. Bg6 Rf6 29. Re5 Qd4 30. Rh5+ Kg8 31. Be8 Kf8 32. Ba4 Rh6 33. Rg5 Rb7 34. Rg4 Qa1+ 35. Kh2 Qe5 36. Qd2 Qc7 37. c5 Bd7 38. Qf4+ Rf6 39. Qxc7 Rxc7 40. c6 Rxc6 41. Bxc6 Bxc6 42. f3 a5 43. Rc4 Bd5 44. Rc5 a4 45. Rb5 b3 46. axb3 axb3 47. Ne2 Rf7 48. Nd4 Rb7 49. Rxb7 Bxb7 50. Nxb3 Kf7 51. Kg3 Kf6 52. Nc5 Bd5 53. Kf4 e5+ 54. Kg4 Bc4 55. h4 Kg6 56. Kg3 Kf5 57. Ne4 Bd5 58. Ng5 Bb3 59. Kf2 Bd5 60. Ke3 Bc6 61. Ne4 Bd5 62. Nc5 Bc6 63. Nb3 Bd5 64. Nd2 Bc6 65. Nf1 Be8 66. Kf2 Kf6 67. Ne3 Bd7 68. Kg3 Bb5 69. Nd5+ Kf5 70. Kf2 Bd7 71. Ke3 Ke6 72. Nb4 Bc8 73. Nd3 Kd5 74. g4 Ke6 75. h5 Kf6 76. Nc5 Kg5 77. Ne4+ Kh4 78. Nf2 Kg5 79. Ne4+ Kh4 80. Nf6 Kg5 81. Ne4+ Kh4 82. Nf2 Kg5 83. Ke2 Kh4 84. Kd3 Bb7 85. Ke3 Bc8 86. Ke4 Bb7+ 87. Ke3 Bc8 88. Kd2 Bb7 89. Ke2 Bc8 90. Kf1 Kg3 91. Ke2 Kh4 92. Kd2 Bb7 93. Ke3 Bc8 1/2-1/2

[Event "CRO-chT"]
[Site "Bol"]
[Date "2014.05.14"]
[Round "1.10"]
[White "Plenkovic, Zdenko"]
[Black "Turk, Karlo"]
[Result "1-0"]
[WhiteElo "2400"]
[BlackElo "2154"]
[PlyCount "107"]
[EventDate "2014.05.14"]
[EventType "team-swiss"]
[EventRounds "6"]
[EventCountry "CRO"]
[SourceTitle "CBM 160 Extra"]
[Source "ChessBase"]
[SourceDate "2014.07.01"]
[SourceVersion "1"]
[SourceVersionDate "2014.07.01"]
[SourceQuality "1"]
[WhiteTeam "Kastel Stari"]
[BlackTeam "Novo Virje Konaki"]
[WhiteTeamCountry "CRO"]
[BlackTeamCountry "CRO"]

1. Nf3 Nf6 2. g3 d5 3. Bg2 e6 4. 0-0 c5 5. c4 d4 6. b4 cxb4 7. d3 Nc6 8. a3 Be7 9. Nbd2 0-0 10. axb4 Bxb4 11. Ba3 Bxa3 12. Rxa3 e5 13. Qa1 Qc7 14. Nb3 Bg4 15. Rb1 b6 16. c5 Rab8 17. cxb6 Rxb6 18. Rc1 Qd6 19. Na5 Nxa5 20. Rxa5 Bxf3 21. Bxf3 a6 22. Kg2 Nd7 23. Rd5 Qe6 24. Qa5 Rfb8 25. Rc7 Rb5 26. Rxb5 axb5 27. Qa7 Rd8 28. Qb7 Nf6 29. Re7 Qd6 30. Rxf7 Rd7 31. Rxd7 Qxd7 32. Qxd7 Nxd7 33. Bc6 Nf6 34. Bxb5 Kf7 35. Kf3 g5 36. h3 Ke6 37. Ba6 Kd5 38. Bc8 Kc5 39. e3 Kd5 40. Ke2 Kc5 41. Be6 Kd6 42. Bf5 Kc5 43. f4 gxf4 44. exf4 exf4 45. g4 Kd6 46. g5 Nh5 47. Bxh7 Ke5 48. Kf3 Ng3 49. h4 Nf1 50. h5 Nh2+ 51. Kg2 Ng4 52. h6 Ne3+ 53. Kf3 Nd5 54. Be4 1-0

[Event "CRO-chT U20 23rd"]
[Site "Sv Filip i Jakov"]
[Date "2014.04.16"]
[Round "6.2"]
[White "Ivekovic, Bozidar1111"]
[Black "Turk, Karlo"]
[Result "1-0"]
[WhiteElo "2260"]
[BlackElo "2139"]
[PlyCount "101"]
[EventDate "2014.04.14"]
[EventType "team-tourn"]
[EventRounds "11"]
[EventCountry "CRO"]
[SourceTitle "EXT 2016"]
[Source "ChessBase"]
[SourceDate "2015.10.08"]
[SourceVersion "1"]
[SourceVersionDate "2015.10.08"]
[SourceQuality "1"]

1. d4 Nf6 2. c4 e6 3. Nf3 Bb4+ 4. Nbd2 d5 5. Qa4+ Nc6 6. e3 Bd7 7. Qc2 Ne4 8. a3 Nxd2 9. Bxd2 Bxd2+ 10. Nxd2 Ne7 11. cxd5 exd5 12. Bd3 c6 13. 0-0 f5 14. Nf3 0-0 15. Ne5 Ng6 16. f4 Be6 17. b4 Rc8 18. Qb2 Nxe5 19. fxe5 Rf7 20. Rac1 Qg5 21. Rf4 Rcf8 22. Qc2 Qh6 23. Rcf1 g5 24. R4f2 f4 25. Qd2 Qh4 26. exf4 gxf4 27. Be2 Kh8 28. Bd1 Rf5 29. Bc2 R5f7 30. Bb1 Qg4 31. Rf3 Qh4 32. Qc2 Qg5 33. Rxf4 Qg6 34. Qxg6 hxg6 35. Rxf7 Rxf7 36. Bxg6 Re7 37. Rf6 Kg7 38. Bd3 b6 39. h4 a5 40. h5 axb4 41. h6+ Kg8 42. h7+ Rxh7 43. Bxh7+ Kxh7 44. Rxe6 bxa3 45. Re7+ Kg6 46. Ra7 c5 47. Rxa3 cxd4 48. Rd3 Kf5 49. Rxd4 Kxe5 50. Rb4 d4 51. Rxb6 1-0

[Event "CRO-chT U20 23rd"]
[Site "Sv Filip i Jakov"]
[Date "2014.04.16"]
[Round "5.6"]
[White "Turk, Karlo"]
[Black "Srbis, Jurica"]
[Result "0-1"]
[WhiteElo "2139"]
[BlackElo "2377"]
[PlyCount "74"]
[EventDate "2014.04.14"]
[EventType "team-tourn"]
[EventRounds "11"]
[EventCountry "CRO"]
[SourceTitle "EXT 2016"]
[Source "ChessBase"]
[SourceDate "2015.10.08"]
[SourceVersion "1"]
[SourceVersionDate "2015.10.08"]
[SourceQuality "1"]

1. d4 Nf6 2. Nf3 e6 3. c4 c5 4. d5 d6 5. Nc3 exd5 6. cxd5 g6 7. Bf4 Bg7 8. Qa4+ Bd7 9. Qb3 Qc7 10. e4 Nh5 11. Bg5 0-0 12. Be2 a6 13. Nd2 b5 14. a4 b4 15. Nd1 Nf6 16. f3 h6 17. Be3 Bc8 18. Nc4 a5 19. 0-0 Ba6 20. Qc2 Nbd7 21. Rc1 Rfe8 22. b3 Bxc4 23. Bxc4 Re7 24. Nf2 Nb6 25. Qd2 Kh7 26. Bb5 Qd8 27. Nd3 Nfxd5 28. Bf2 Nc3 29. Rxc3 bxc3 30. Qc2 Bd4 31. Bxd4 cxd4 32. Rd1 Qc7 33. Nf4 d5 34. Nxd5 Nxd5 35. exd5 Qc5 36. Kf1 Qxd5 37. Qxc3 Qxb5+ 0-1

[Event "CRO-chT U20 23rd"]
[Site "Sv Filip i Jakov"]
[Date "2014.04.15"]
[Round "3.6"]
[White "Plenca, Jadranko"]
[Black "Turk, Karlo"]
[Result "0-1"]
[WhiteElo "2194"]
[BlackElo "2139"]
[PlyCount "150"]
[EventDate "2014.04.14"]
[EventType "team-tourn"]
[EventRounds "11"]
[EventCountry "CRO"]
[SourceTitle "EXT 2016"]
[Source "ChessBase"]
[SourceDate "2015.10.08"]
[SourceVersion "1"]
[SourceVersionDate "2015.10.08"]
[SourceQuality "1"]

1. e4 c5 2. Nf3 d6 3. Bb5+ Nd7 4. c3 a6 5. Ba4 b5 6. Bc2 c4 7. 0-0 Bb7 8. b3 Ngf6 9. Qe2 Qc7 10. Nd4 e5 11. Nf5 g6 12. Ng3 h5 13. Re1 h4 14. Nf1 h3 15. g3 d5 16. exd5 Nxd5 17. Ne3 Nxe3 18. dxe3 Qc6 19. e4 f5 20. f3 Bc5+ 21. Be3 f4 22. gxf4 exf4 23. Bd4 Qb6 24. Qf2 Rh5 25. Kh1 Bxd4 26. cxd4 Ne5 27. Rf1 Nd3 28. Bxd3 cxd3 29. Nd2 Rd8 30. d5 Qe3 31. Rae1 Qxf2 32. Rxf2 Rc8 33. Nf1 b4 34. Rd2 a5 35. Rxd3 Rg5 36. Rd2 Ba6 37. Ra1 Rc3 38. Rf2 Kd7 39. Re1 Kd6 40. Ra1 Bb5 41. Nd2 Rg2 42. Rxg2 hxg2+ 43. Kg1 Rc2 44. Nc4+ Bxc4 45. bxc4 a4 46. Rb1 b3 47. axb3 a3 48. Re1 a2 49. e5+ Ke7 50. e6 Re2 51. Rxe2 a1Q+ 52. Kxg2 Qd1 53. Kf2 Qxb3 54. d6+ Ke8 55. Kg2 Qd3 56. d7+ Ke7 57. Re4 g5 58. Kf2 Qd2+ 59. Re2 Qd4+ 60. Kg2 Qd3 61. Re4 Qd2+ 62. Kh3 Qd1 63. Kg4 Kf6 64. h4 Kg6 65. h5+ Kf6 66. d8Q+ Qxd8 67. Kh3 Qd3 68. Kg2 Ke7 69. h6 Qc2+ 70. Kg1 Qb1+ 71. Kg2 Qb2+ 72. Kg1 Qh8 73. c5 Qxh6 74. c6 Qh4 75. c7 Qg3+ 0-1

[Event "CRO-chT U20 23rd"]
[Site "Sv Filip i Jakov"]
[Date "2014.04.14"]
[Round "1.5"]
[White "Matanovic, Luka"]
[Black "Turk, Karlo"]
[Result "0-1"]
[WhiteElo "2081"]
[BlackElo "2139"]
[PlyCount "56"]
[EventDate "2014.04.14"]
[EventType "team-tourn"]
[EventRounds "11"]
[EventCountry "CRO"]
[SourceTitle "EXT 2016"]
[Source "ChessBase"]
[SourceDate "2015.10.08"]
[SourceVersion "1"]
[SourceVersionDate "2015.10.08"]
[SourceQuality "1"]

1. e4 c5 2. Nf3 d6 3. Bb5+ Nd7 4. 0-0 a6 5. Bd3 Ngf6 6. c3 b5 7. a4 c4 8. Bc2 Bb7 9. Re1 e5 10. d4 cxd3 11. Bxd3 bxa4 12. Qxa4 Be7 13. Be3 0-0 14. Nbd2 Ng4 15. Qa2 Kh8 16. Nc4 f5 17. exf5 Bxf3 18. gxf3 Nxe3 19. fxe3 d5 20. Nd2 Bh4 21. Re2 Nc5 22. Bc2 d4 23. Nf1 d3 24. Rd2 Qg5+ 25. Rg2 Qxf5 26. Qc4 dxc2 27. Qxh4 Nb3 28. Qe7 Rf7 0-1

[Event "CRO-chT U20 23rd"]
[Site "Sv Filip i Jakov"]
[Date "2014.04.14"]
[Round "2.2"]
[White "Turk, Karlo"]
[Black "Glavan, Marko"]
[Result "1-0"]
[WhiteElo "2139"]
[BlackElo "2049"]
[PlyCount "73"]
[EventDate "2014.04.14"]
[EventType "team-tourn"]
[EventRounds "11"]
[EventCountry "CRO"]
[SourceTitle "EXT 2016"]
[Source "ChessBase"]
[SourceDate "2015.10.08"]
[SourceVersion "1"]
[SourceVersionDate "2015.10.08"]
[SourceQuality "1"]

1. d4 Nf6 2. Nf3 d5 3. c4 c6 4. Nc3 dxc4 5. e4 b5 6. a4 b4 7. Nb1 Nxe4 8. Bxc4 e6 9. 0-0 Be7 10. b3 0-0 11. Bb2 a5 12. Qc2 Nf6 13. Nbd2 Nbd7 14. Bd3 Bb7 15. Nc4 Rc8 16. Nfe5 g6 17. Rad1 Nd5 18. Nxa5 Nxe5 19. Nxb7 Qc7 20. dxe5 Qxb7 21. g3 Rfd8 22. Be4 Bf8 23. Rd3 Rd7 24. Rfd1 Rdc7 25. Qe2 Qa6 26. Qf3 Bg7 27. h4 Rf8 28. Rc1 Qb6 29. Rc4 f5 30. exf6 Nxf6 31. Bd4 c5 32. Be5 Rd7 33. Qe2 Rxd3 34. Bxd3 Nd5 35. Bxg7 Kxg7 36. Qe5+ Rf6 37. g4 1-0

[Event "CRO-chT2 Center 23rd"]
[Site "Grubisno Polje"]
[Date "2014.03.02"]
[Round "1.5"]
[White "Turk, Karlo"]
[Black "Slogar, Dubravko"]
[Result "1/2-1/2"]
[WhiteElo "2138"]
[BlackElo "2332"]
[PlyCount "116"]
[EventDate "2014.03.02"]
[EventType "team-match"]
[EventRounds "11"]
[EventCountry "CRO"]
[SourceTitle "EXT 2016"]
[Source "ChessBase"]
[SourceDate "2015.10.08"]
[SourceVersion "1"]
[SourceVersionDate "2015.10.08"]
[SourceQuality "1"]

1. d4 d5 2. c4 e6 3. Nc3 Nf6 4. cxd5 exd5 5. Bg5 Be7 6. e3 0-0 7. Qc2 Be6 8. Nf3 Nbd7 9. h3 Rc8 10. Bd3 h6 11. Bf4 c5 12. 0-0 a6 13. a4 Qa5 14. Rfd1 cxd4 15. Nxd4 Bb4 16. Rac1 Nc5 17. Bd6 Rfe8 18. Bxc5 Qxc5 19. Qb3 Qe7 20. Nce2 Bd6 21. Nf5 Bxf5 22. Bxf5 Rxc1 23. Rxc1 Qe5 24. Ng3 d4 25. exd4 Qxd4 26. Rd1 Qc5 27. Bg6 Qc7 28. Bxf7+ Qxf7 29. Qxf7+ Kxf7 30. Rxd6 Re1+ 31. Kh2 Re6 32. Rd4 g6 33. f3 a5 34. b4 axb4 35. Rxb4 b6 36. Ne4 Nd7 37. Kg3 Ke7 38. Rb5 Ne5 39. a5 bxa5 40. Rxa5 Nc6 41. Ra8 Kf7 42. Ra6 Ke7 43. Rb6 Nd8 44. Rb8 Rc6 45. Ra8 Rc7 46. Nf6 Kxf6 47. Rxd8 Rc2 48. Rd4 Ra2 49. Rb4 Rc2 50. h4 h5 51. Rb6+ Kf5 52. Kh3 Rc3 53. Rb5+ Kf6 54. Kg3 Rc2 55. Rb4 Rc1 56. f4 Rf1 57. Ra4 Rb1 58. Kf3 Rh1 1/2-1/2

[Event "Osijek-ch op"]
[Site "Osijek"]
[Date "2014.02.22"]
[Round "6"]
[White "Turk, Karlo"]
[Black "Martinovic, Zvonimir"]
[Result "1-0"]
[WhiteElo "2141"]
[BlackElo "1765"]
[PlyCount "101"]
[EventDate "2014.02.20"]
[EventType "swiss"]
[EventRounds "7"]
[EventCountry "CRO"]
[SourceTitle "CBM 159 Extra"]
[Source "ChessBase"]
[SourceDate "2014.04.24"]
[SourceVersion "1"]
[SourceVersionDate "2014.04.24"]
[SourceQuality "1"]

1. d4 Nf6 2. Nf3 e6 3. Bg5 d5 4. e3 Be7 5. c4 c6 6. Nc3 Nbd7 7. Bd3 Qc7 8. 0-0 0-0 9. Rc1 dxc4 10. Bxc4 Nb6 11. Bb3 Nfd5 12. Bxe7 Qxe7 13. e4 Nf6 14. Qe2 Nbd7 15. e5 Nd5 16. Ne4 c5 17. Nxc5 Nxc5 18. Rxc5 b6 19. Bxd5 exd5 20. Rxd5 Be6 21. Rd6 Bxa2 22. Qa6 Be6 23. Rc1 Rfc8 24. Rdc6 Rxc6 25. Rxc6 Qd7 26. Rc3 Bd5 27. Qe2 Rc8 28. Qc2 Rxc3 29. Qxc3 h6 30. Nd2 a5 31. f3 a4 32. Nc4 Qc6 33. Na3 b5 34. Nc2 Qb6 35. Nb4 Bc4 36. g3 Qg6 37. Qc2 Qg5 38. Kf2 Bb3 39. Qc3 Qd8 40. Qc5 Bc4 41. d5 h5 42. d6 g5 43. Qc7 Qxc7 44. dxc7 Be6 45. Nc6 Kf8 46. Nd4 Bc8 47. Nxb5 Ke7 48. Nd6 Kd7 49. Nxc8 Kxc8 50. Ke3 Kxc7 51. Ke4 1-0

[Event "CRO-chT U20 22nd"]
[Site "Durdevac"]
[Date "2013.03.29"]
[Round "8"]
[White "Turk, Karlo"]
[Black "Krsnik Cohar, Ivan Vihor"]
[Result "1-0"]
[WhiteElo "2111"]
[BlackElo "2046"]
[PlyCount "143"]
[EventDate "2013.03.25"]
[EventType "team-tourn"]
[EventRounds "9"]
[EventCountry "CRO"]
[SourceTitle "CBM 153 Extra"]
[Source "ChessBase"]
[SourceDate "2013.04.22"]
[SourceVersion "1"]
[SourceVersionDate "2013.04.22"]
[SourceQuality "1"]

1. d4 Nf6 2. Nf3 e6 3. Bg5 c5 4. Bxf6 Qxf6 5. c3 d5 6. e3 Bd6 7. Bd3 0-0 8. 0-0 b6 9. Nbd2 Bb7 10. Re1 Nd7 11. e4 cxd4 12. cxd4 dxe4 13. Bxe4 Bxe4 14. Nxe4 Qe7 15. Nxd6 Qxd6 16. Qa4 a5 17. Rac1 Rac8 18. Rc3 Rxc3 19. bxc3 Rc8 20. Qb3 Qc7 21. Rc1 h6 22. g3 Qc6 23. c4 b5 24. c5 a4 25. Qe3 f6 26. Rb1 Rb8 27. a3 Kf7 28. Ne1 e5 29. Nd3 exd4 30. Qxd4 Rb7 31. Rc1 Nf8 32. Nb4 Qd7 33. Qe3 Rc7 34. c6 Qd6 35. Qc5 Qxc5 36. Rxc5 Ne6 37. Rxb5 Rc8 38. Rb7+ Kf8 39. Ra7 Nd4 40. Rxa4 Nxc6 41. Nxc6 Rxc6 42. Ra8+ Kf7 43. Kg2 Rc3 44. g4 g6 45. a4 f5 46. gxf5 gxf5 47. a5 Kg7 48. a6 Ra3 49. a7 Kh7 50. f4 h5 51. h4 Kg7 52. Kf2 Kh7 53. Ke2 Kg7 54. Kf2 Kh7 55. Kg1 Ra2 56. Kf1 Kg7 57. Ke1 Kh7 58. Kd1 Kg7 59. Kc1 Kh7 60. Kb1 Ra4 61. Kc2 Kg7 62. Kb3 Ra1 63. Kc4 Ra5 64. Kb4 Ra1 65. Kc5 Rc1+ 66. Kd5 Ra1 67. Ke5 Ra5+ 68. Ke6 Kh7 69. Kf6 Ra6+ 70. Kg5 Kg7 71. Kxh5 Rh6+ 72. Kg5 1-0

[Event "Osijek op"]
[Site "Osijek"]
[Date "2013.02.24"]
[Round "7.5"]
[White "Vernacki, Srdjan"]
[Black "Turk, Karlo"]
[Result "1-0"]
[WhiteElo "2315"]
[BlackElo "2099"]
[PlyCount "65"]
[EventDate "2013.02.21"]
[EventType "swiss"]
[EventRounds "7"]
[EventCountry "CRO"]
[SourceTitle "EXT 2014"]
[Source "ChessBase"]
[SourceDate "2013.11.20"]
[SourceVersion "1"]
[SourceVersionDate "2013.11.20"]
[SourceQuality "1"]

1. e4 c5 2. Nf3 d6 3. d3 Nc6 4. g3 g6 5. Bg2 Bg7 6. 0-0 e6 7. c3 Nge7 8. h4 0-0 9. d4 cxd4 10. cxd4 d5 11. e5 f6 12. exf6 Bxf6 13. Bh6 Re8 14. Qd2 Nf5 15. Be3 Qb6 16. Nc3 Ncxd4 17. Nxd4 Bxd4 18. Na4 Bxe3 19. Nxb6 Bxd2 20. Nxa8 Bd7 21. Nc7 Rc8 22. Rfd1 Ba5 23. Nxd5 exd5 24. Rxd5 Bb6 25. Rxd7 Rc2 26. Be4 Rxf2 27. Bxf5 gxf5 28. Kh1 f4 29. Rc1 fxg3 30. Rc8+ Rf8 31. Rxf8+ Kxf8 32. Rxb7 Kg8 33. h5 1-0

[Event "Osijek op"]
[Site "Osijek"]
[Date "2013.02.21"]
[Round "1.23"]
[White "Kolic, Ivan"]
[Black "Turk, Karlo"]
[Result "0-1"]
[WhiteElo "1799"]
[BlackElo "2099"]
[PlyCount "78"]
[EventDate "2013.02.21"]
[EventType "swiss"]
[EventRounds "7"]
[EventCountry "CRO"]
[SourceTitle "EXT 2014"]
[Source "ChessBase"]
[SourceDate "2013.11.20"]
[SourceVersion "1"]
[SourceVersionDate "2013.11.20"]
[SourceQuality "1"]

1. d4 Nf6 2. c4 e6 3. Nc3 Bb4 4. Nf3 b6 5. Bg5 h6 6. Bh4 Bb7 7. e3 g5 8. Bg3 Ne4 9. Rc1 h5 10. h3 Nxg3 11. fxg3 Bd6 12. Bd3 Bxg3+ 13. Kd2 f5 14. Ne2 Bd6 15. c5 Be7 16. Qc2 d6 17. cxd6 Bxd6 18. a3 Nd7 19. e4 g4 20. hxg4 fxg4 21. Nh4 Qg5+ 22. Kc3 c5 23. Kb3 cxd4 24. Nxd4 Nc5+ 25. Ka2 a5 26. Bb5+ Kf7 27. Qf2+ Kg8 28. Nxe6 Nxe4 29. Qd4 Qd5+ 30. Bc4 Qxd4 31. Nxd4+ Kg7 32. Nhf5+ Kf6 33. Rhf1 Kg5 34. Nxd6 Nxd6 35. g3 Rhf8 36. Be6 Rxf1 37. Rxf1 Re8 38. Bb3 Re3 39. Rg1 Ne4 0-1